| 000 | 00658nam a22002057c 4500 | ||
|---|---|---|---|
| 003 | OSt | ||
| 005 | 20161130132736.0 | ||
| 008 | 161113s2016 sp 000 0 spa d | ||
| 020 | _a9788430969234 | ||
| 040 |
_bcat _cCDMR |
||
| 100 | 1 | _aBalaguer Callejón, María Luisa | |
| 245 | 1 | 0 |
_aDerecho de la información y de la comunicación _cMaría Luisa Balaguer Callejón |
| 250 | _a2ª ed. | ||
| 260 |
_aMadrid _bTecnos _c2016 |
||
| 300 |
_a234 p. _c24 cm |
||
| 504 | _aBibliografía: p. 231-234 | ||
| 650 | 0 | 4 |
_aPeriodisme _zEspanya _93208 _xDret i legislació |
| 650 | 0 | 4 |
_aMitjans de comunicació de massa _xDret i legislació _zEspanya _93370 |
| 942 |
_2udc _cMON |
||
| 999 |
_c6980 _d6980 |
||